Od Zoroastra k Sókratovi: vzťah antickej filozofie a mágie v 5. a 4. storočí pred Kr.

Argumentácia v prospech tézy, že perzské náboženské predstavy a praktiky sa stali súčasťou fenoménu tzv. interpretatio graeca, osvojovania si negréckych rituálov a mýtov. Toto interpretatio prebiehalo práve na pôde predsókratovskej a sofistickej filozofickej tradície.

Guardado en:
Detalles Bibliográficos
Autor principal: Kalaš, Andrej
Otros Autores: Škvrnda, František, ml., 1987-
Formato: Capítulo de libro
Lenguaje:eslovaco
Materias:
Etiquetas: Agregar Etiqueta
Sin Etiquetas, Sea el primero en etiquetar este registro!

MARC

LEADER 00000naa a2200000 4500
001 0241281
005 20240502073928.2
041 0 |a slo 
044 |a SK 
245 1 0 |a Od Zoroastra k Sókratovi: vzťah antickej filozofie a mágie v 5. a 4. storočí pred Kr.  |c Andrej Kalaš, František Škvrnda ml. 
520 |a Argumentácia v prospech tézy, že perzské náboženské predstavy a praktiky sa stali súčasťou fenoménu tzv. interpretatio graeca, osvojovania si negréckych rituálov a mýtov. Toto interpretatio prebiehalo práve na pôde predsókratovskej a sofistickej filozofickej tradície. 
610 2 0 |a dejiny filozofie 
610 2 0 |a Grécko 
610 2 0 |a história 
610 2 0 |a filozofia 
610 2 0 |a náboženstvo 
100 1 |a Kalaš, Andrej 
700 1 |a Škvrnda, František, ml., 1987-